000 01069pam a2200277 4500
003 IeDuTC
005 20181127190552.0
008 060516s2006 enka 001 0 eng
020 _a1405315733 (pbk.) :
_c12.99
020 _a9781405315739 (pbk.) :
_c12.99
082 0 4 _a616.0252
_222
110 _aBritish Red Cross Society.
_b
_c
_d
_e
_n
_p
245 0 0 _aEmergency first aid :
_bthe authorised manual of St. John Ambulance, St. Andrew's Ambulance Association, and the British Red Cross.
250 _aRev. ed.
260 _aLondon :
_bDorling Kindersley,
_c2006.
300 _a288 p. :
_bcol. ill. ;
_c22 cm. +
_eIncludes emergency first aid booklet.
500 _aFormerly CIP.
_5Uk.
500 _aIncludes index.
500 _aPrevious ed.: 2002.
650 0 _aFirst aid in illness and injury
_vHandbooks, manuals, etc.
650 0 _aMedical emergencies
_vPopular works.
710 2 _aBritish Red Cross Society.
710 2 _aSt. Andrew's Ambulance Association.
710 2 _aSt. John Ambulance Association and Brigade.
999 _c7547
_d7547